[Event "Titled Tuesday intern op 16th Apr Early"]
[Site "Chess.com INT"]
[Date "2024.04.16"]
[Round "1"]
[White "Aronian, Levon"]
[Black "Portal Ramos, Cristian"]
[Result "1-0"]
[WhiteElo "2729"]
[BlackElo "2120"]
[PlyCount "65"]
[EventDate "2024.04.16"]
[EventType "swiss (blitz)"]
[EventRounds "11"]
[EventCountry "USA"]
[SourceTitle "CB17_2024"]
[SourceDate "2024.04.24"]
[SourceVersion "1"]
[SourceVersionDate "2024.04.24"]
[SourceQuality "1"]

1. e4 c5 2. Nf3 d6 3. Bb5+ Nd7 4. a4 Ngf6 5. Nc3 g6 6. 0-0 Bg7 7. Re1 0-0 8. d4 cxd4 9. Nxd4 a6 10. Bf1 Nc5 11. a5 Bd7 12. Bg5 Ne6 13. Be3 Rc8 14. Nb3 Bc6 15. Nd5 Bxd5 16. exd5 Nc5 17. c4 Nfd7 18. Nd4 Ne5 19. b4 Ncd7 20. Rc1 Nf6 21. h3 Ned7 22. Nb3 Ne4 23. Bd3 Nef6 24. Bf1 Re8 25. c5 dxc5 26. bxc5 Nf8 27. c6 Qc7 28. Bb6 Qd6 29. cxb7 Rxc1 30. Nxc1 Nxd5 31. Bxa6 Nxb6 32. Qxd6 exd6 33. Rxe8 1-0

[Event "Titled Tuesday intern op 16th Apr Early"]
[Site "Chess.com INT"]
[Date "2024.04.16"]
[Round "2"]
[White "Portal Ramos, Cristian"]
[Black "Pavlidou, Ekaterini"]
[Result "1-0"]
[WhiteElo "2120"]
[BlackElo "2201"]
[PlyCount "85"]
[EventDate "2024.04.16"]
[EventType "swiss (blitz)"]
[EventRounds "11"]
[EventCountry "USA"]
[SourceTitle "CB17_2024"]
[SourceDate "2024.04.24"]
[SourceVersion "1"]
[SourceVersionDate "2024.04.24"]
[SourceQuality "1"]

1. c4 e5 2. Nc3 Nc6 3. g3 g6 4. Bg2 Bg7 5. d3 d6 6. e4 Nge7 7. Nge2 h5 8. h3 h4 9. g4 Be6 10. f4 exf4 11. Nxf4 Nd4 12. Nxe6 fxe6 13. 0-0 Qd7 14. Be3 c5 15. Ne2 Nec6 16. Nf4 0-0-0 17. Nxg6 Rh7 18. Rf2 Rg8 19. Qf1 Bh6 20. Bxh6 Rxg6 21. Be3 Ne5 22. Bxd4 cxd4 23. Rf4 Kc7 24. Rc1 b6 25. b4 Rf7 26. Rxf7 Qxf7 27. Qxf7+ Nxf7 28. c5 dxc5 29. bxc5 b5 30. Rb1 Kc6 31. e5+ Kxc5 32. Be4 Rg5 33. Rc1+ Kb4 34. Rc7 Nxe5 35. Rxa7 Rg7 36. Rxg7 Kc3 37. Rb7 b4 38. Kf2 Nxd3+ 39. Bxd3 Kxd3 40. Rxb4 e5 41. Rb3+ Kd2 42. Kf3 Kc2 43. Ke4 1-0

[Event "Havana Gilberto Garcia Memorial-C"]
[Site "Havana"]
[Date "2024.02.24"]
[Round "1"]
[White "Portal Ramos, Cristian"]
[Black "Morales Mora, Kendry Daniel"]
[Result "1/2-1/2"]
[WhiteElo "2115"]
[BlackElo "2091"]
[PlyCount "63"]
[EventDate "2024.02.24"]
[EventType "tourn"]
[EventRounds "9"]
[EventCountry "CUB"]
[SourceTitle "CB13_2024"]
[SourceDate "2024.03.27"]
[SourceVersion "1"]
[SourceVersionDate "2024.03.27"]
[SourceQuality "1"]

1. c4 Nf6 2. Nc3 g6 3. g3 Bg7 4. Bg2 0-0 5. Nf3 d6 6. 0-0 e5 7. d3 h6 8. Rb1 a5 9. a3 Re8 10. Nd2 c6 11. b4 axb4 12. axb4 d5 13. b5 Be6 14. Bb2 Nbd7 15. Ra1 Qc7 16. Qb1 d4 17. bxc6 bxc6 18. Nb5 Qb6 19. Nd6 Reb8 20. Rxa8 Rxa8 21. Ba1 Qxb1 22. Rxb1 Ra2 23. Bb2 Bf8 24. Nb7 c5 25. Kf1 Nb6 26. Nb3 Na4 27. Bc1 Bg4 28. Bf3 Bc8 29. N7a5 Bf5 30. Ra1 Rxa1 31. Nxa1 e4 32. dxe4 1/2-1/2

[Event "Iberoamerican-ch 9th"]
[Site "Panama City"]
[Date "2023.11.27"]
[Round "4"]
[White "Noboa Silva, Kevin Omar"]
[Black "Portal Ramos, Cristian"]
[Result "1/2-1/2"]
[WhiteElo "2318"]
[BlackElo "2085"]
[PlyCount "88"]
[EventDate "2023.11.25"]
[EventType "swiss"]
[EventRounds "9"]
[EventCountry "PAN"]
[SourceTitle "CB49_2023"]
[SourceDate "2023.12.06"]
[SourceVersion "1"]
[SourceVersionDate "2023.12.06"]
[SourceQuality "1"]

1. d4 d5 2. c4 c6 3. Bf4 e6 4. cxd5 exd5 5. e3 Nf6 6. Bd3 Qb6 7. Qc2 Na6 8. a3 Qa5+ 9. Nc3 Nb4 10. Qd1 Nxd3+ 11. Qxd3 Ne4 12. Nge2 Bf5 13. 0-0 Be7 14. f3 Nxc3 15. Qxc3 Qxc3 16. Nxc3 0-0 17. e4 dxe4 18. fxe4 Bg6 19. Rad1 Rad8 20. d5 Bc5+ 21. Kh1 Rfe8 22. d6 Rd7 23. b4 Bb6 24. e5 f6 25. exf6 gxf6 26. h3 Be3 27. Bh2 Re6 28. Ne2 Kf7 29. Nf4 Bxf4 30. Bxf4 Re2 31. Rfe1 Rxe1+ 32. Rxe1 Bd3 33. Kh2 f5 34. g4 Be4 35. gxf5 Bxf5 36. Kg3 Be6 37. h4 Rd8 38. Rf1 Rg8+ 39. Kf2 Ke8 40. Ke3 Kd7 41. Be5 b6 42. Rf6 Rg6 43. Rxg6 hxg6 44. Kf4 Bb3 1/2-1/2

[Event "Titled Tuesday intern op 25th Jul Early"]
[Site "Chess.com INT"]
[Date "2023.07.25"]
[Round "4"]
[White "Portal Ramos, Cristian"]
[Black "Castor, David"]
[Result "1-0"]
[WhiteElo "2085"]
[BlackElo "1991"]
[PlyCount "55"]
[EventDate "2023.07.25"]
[EventType "swiss (blitz)"]
[EventRounds "11"]
[EventCountry "USA"]
[SourceTitle "EXT 2024"]
[Source "ChessBase"]
[SourceDate "2023.10.10"]
[SourceVersion "1"]
[SourceVersionDate "2023.10.10"]
[SourceQuality "1"]

1. c4 c6 2. e4 d5 3. cxd5 cxd5 4. exd5 Nf6 5. Bb5+ Nbd7 6. Nc3 a6 7. Be2 b5 8. d6 exd6 9. Bf3 Rb8 10. Nge2 Ne5 11. Nd4 Qb6 12. Nce2 Nd3+ 13. Kf1 Bd7 14. Qc2 Ne5 15. d3 Rc8 16. Qd1 Be7 17. Be3 0-0 18. Nc6 Bxc6 19. Bxb6 Nxf3 20. gxf3 Bxf3 21. Rg1 Ng4 22. Rg3 Ne5 23. Bd4 Bh5 24. f4 Ng4 25. Qd2 Nxh2+ 26. Kg2 Ng4 27. Rh1 g6 28. f5 1-0

[Event "Titled Tuesday intern op 25th Jul Early"]
[Site "Chess.com INT"]
[Date "2023.07.25"]
[Round "5"]
[White "Vovk, Orest"]
[Black "Portal Ramos, Cristian"]
[Result "1-0"]
[WhiteElo "2315"]
[BlackElo "2085"]
[PlyCount "159"]
[EventDate "2023.07.25"]
[EventType "swiss (blitz)"]
[EventRounds "11"]
[EventCountry "USA"]
[SourceTitle "EXT 2024"]
[Source "ChessBase"]
[SourceDate "2023.10.10"]
[SourceVersion "1"]
[SourceVersionDate "2023.10.10"]
[SourceQuality "1"]

1. h4 d5 2. h5 Nf6 3. h6 g6 4. Nc3 d4 5. Nb5 a6 6. Na3 b5 7. c3 Bb7 8. Nf3 c5 9. cxd4 cxd4 10. d3 e6 11. Nc2 Nc6 12. g3 Ne5 13. Bg2 Nxf3+ 14. Bxf3 Bxf3 15. exf3 Rc8 16. 0-0 Ng8 17. a4 Bxh6 18. Bxh6 Nxh6 19. axb5 axb5 20. Na3 Qd5 21. Kg2 0-0 22. Qd2 Ng4 23. Rh1 h5 24. Rh4 Kg7 25. Rah1 Rh8 26. Qf4 Nf6 27. Qxd4 Qxd4 28. Rxd4 Rc5 29. Rb4 Rb8 30. d4 Rc6 31. Re1 Rcb6 32. Re5 Nd5 33. Rb3 b4 34. Nc2 Rc6 35. Ne3 Nxe3+ 36. Rexe3 Rc4 37. Re4 Rd8 38. d5 exd5 39. Rxc4 dxc4 40. Rxb4 Rc8 41. Rb5 c3 42. bxc3 Rxc3 43. Rb6 Rc4 44. f4 Rc3 45. Rd6 Rc7 46. Rd5 Re7 47. f5 Kf8 48. f6 Re8 49. Rd7 Kg8 50. Kf3 Re6 51. Rd8+ Kh7 52. Kg2 Rxf6 53. f4 Kg7 54. Kh3 Re6 55. Rd7 Kf6 56. Rd5 Re3 57. Rd6+ Kg7 58. Ra6 Rc3 59. Rb6 Rd3 60. Ra6 f6 61. Ra7+ Kh6 62. Rf7 Rd6 63. Rf8 g5 64. fxg5+ fxg5 65. Rf2 Kg6 66. Kg2 h4 67. gxh4 gxh4 68. Kh3 Rd3+ 69. Kxh4 Rd4+ 70. Kg3 Rd3+ 71. Kf4 Rd6 72. Ke5 Ra6 73. Rg2+ Kf7 74. Rg1 Ke7 75. Rg7+ Kf8 76. Rb7 Ra5+ 77. Kd6 Ra6+ 78. Ke5 Rf6 79. Kxf6 Kg8 80. Rf7 1-0

[Event "Titled Tuesday intern op 18th Jul Early"]
[Site "Chess.com INT"]
[Date "2023.07.18"]
[Round "9"]
[White "Portal Ramos, Cristian"]
[Black "Shukhman, Anna"]
[Result "0-1"]
[WhiteElo "2085"]
[BlackElo "2154"]
[PlyCount "120"]
[EventDate "2023.07.18"]
[EventType "swiss (blitz)"]
[EventRounds "11"]
[EventCountry "USA"]
[SourceTitle "EXT 2024"]
[Source "ChessBase"]
[SourceDate "2023.10.10"]
[SourceVersion "1"]
[SourceVersionDate "2023.10.10"]
[SourceQuality "1"]

1. c4 Nf6 2. Nc3 e5 3. g3 d5 4. cxd5 Nxd5 5. Bg2 Be6 6. Nf3 Nc6 7. 0-0 Be7 8. d4 exd4 9. Nxd4 Nxc3 10. bxc3 Bd5 11. e4 Bc4 12. Re1 0-0 13. Be3 Bf6 14. Qa4 Nxd4 15. cxd4 b5 16. Qd1 Rc8 17. e5 Be7 18. d5 Re8 19. Qd2 a5 20. a3 Qd7 21. Qxa5 Bxd5 22. Rad1 c6 23. Qc3 Qe6 24. Bc5 Rcd8 25. Bf1 Qf5 26. Bxe7 Rxe7 27. Bd3 Qe6 28. Be4 Red7 29. Rc1 h5 30. Bxd5 Rxd5 31. Qxc6 Rxe5 32. Qxe6 Rxe6 33. Rxe6 fxe6 34. Rc6 Kf7 35. Rb6 Rd5 36. Kg2 g5 37. Kf3 Kf6 38. Ke4 Rc5 39. f4 gxf4 40. gxf4 h4 41. Rb8 Rc4+ 42. Kf3 Rc3+ 43. Kg4 Rxa3 44. Rxb5 h3 45. Rh5 Ra2 46. Rxh3 Rg2+ 47. Rg3 Rxh2 48. Kf3 Ra2 49. Kg4 Ra4 50. Rh3 e5 51. Rf3 e4 52. Rb3 Ke6 53. Rb6+ Kd5 54. f5 Ra1 55. f6 Rf1 56. Kg5 e3 57. Kg6 e2 58. Rb5+ Kd4 59. Rb4+ Ke5 60. Rb8 e1Q 0-1

[Event "Titled Tuesday intern op 07th Feb Early"]
[Site "Chess.com INT"]
[Date "2023.02.07"]
[Round "2"]
[White "Borrmann, Laurenz"]
[Black "Portal Ramos, Cristian"]
[Result "1-0"]
[WhiteElo "2329"]
[BlackElo "2250"]
[PlyCount "69"]
[EventDate "2023.02.07"]
[EventType "swiss (blitz)"]
[EventRounds "11"]
[EventCountry "USA"]
[SourceTitle "EXT 2024"]
[Source "ChessBase"]
[SourceDate "2023.10.10"]
[SourceVersion "1"]
[SourceVersionDate "2023.10.10"]
[SourceQuality "1"]

1. d4 d5 2. c4 c6 3. Nf3 Nf6 4. Nc3 e6 5. h4 Nbd7 6. a4 dxc4 7. e4 Bb4 8. Qc2 c5 9. Be3 Ng4 10. Bxc4 Nxe3 11. fxe3 cxd4 12. exd4 Qc7 13. Qb3 Qg3+ 14. Kf1 Bxc3 15. Qxc3 Nf6 16. Bb5+ Bd7 17. Bxd7+ Nxd7 18. Rh3 Qf4 19. Re1 0-0 20. Kg1 Nf6 21. Qd3 Rac8 22. Ne5 Rc1 23. Rhe3 Rxe1+ 24. Rxe1 Qxh4 25. Nf3 Qg3 26. d5 Ng4 27. e5 exd5 28. Qxd5 Nf2 29. e6 Nh3+ 30. Kh1 Nf4 31. exf7+ Kh8 32. Qg5 Qxg5 33. Nxg5 h6 34. Re8 Ng6 35. Ne6 1-0

[Event "Titled Tuesday intern op 07th Feb Early"]
[Site "Chess.com INT"]
[Date "2023.02.07"]
[Round "8"]
[White "Dolezal, Cristian"]
[Black "Portal Ramos, Cristian"]
[Result "1/2-1/2"]
[WhiteElo "2354"]
[BlackElo "2250"]
[PlyCount "229"]
[EventDate "2023.02.07"]
[EventType "swiss (blitz)"]
[EventRounds "11"]
[EventCountry "USA"]
[SourceTitle "EXT 2024"]
[Source "ChessBase"]
[SourceDate "2023.10.10"]
[SourceVersion "1"]
[SourceVersionDate "2023.10.10"]
[SourceQuality "1"]

1. e4 c5 2. d3 d6 3. g3 g6 4. Bg2 Bg7 5. c3 Nc6 6. f4 e5 7. Nf3 Nge7 8. 0-0 0-0 9. Na3 Rb8 10. f5 gxf5 11. Nh4 fxe4 12. dxe4 f5 13. Qh5 Qe8 14. Qxe8 Rxe8 15. Nxf5 Nxf5 16. exf5 Bf6 17. g4 Bh4 18. Bh6 e4 19. Nc4 d5 20. Nd6 Rd8 21. Bf4 Be7 22. Nb5 a6 23. Bxb8 axb5 24. Bc7 Rd7 25. Bf4 Rd8 26. Rad1 Bh4 27. Rd2 h5 28. h3 hxg4 29. hxg4 Kf7 30. Rfd1 Ne7 31. Bxe4 Rg8 32. Bh2 dxe4 33. Rg2 Bg5 34. Re1 e3 35. Bd6 Nd5 36. Bxc5 Bh4 37. Rd1 Nf4 38. Rh2 Rxg4+ 39. Kf1 Bxf5 40. Bxe3 Bd3+ 41. Rxd3 Nxd3 42. Ke2 Nxb2 43. Kf3 Rc4 44. Rxb2 Rxc3 45. Ke4 Bf6 46. Rxb5 Rc7 47. Bf4 Rd7 48. Kf5 Be7 49. a4 Bf8 50. a5 Bg7 51. Ke4 Bc3 52. Be3 Ke6 53. Bb6 Kf7 54. Rf5+ Ke6 55. Rf3 Bb4 56. Rh3 Be7 57. Rh6+ Kf7 58. Ke5 Rd1 59. Rh7+ Ke8 60. Ke6 Re1+ 61. Kd5 Kd7 62. Bc5 Rd1+ 63. Ke4 Re1+ 64. Kd3 Re5 65. Bb4 Kd8 66. Bc3 Rd5+ 67. Kc4 Rd7 68. Kb5 Rc7 69. Bd4 Rd7 70. Be3 Kc7 71. Bb6+ Kc8 72. Rh8+ Bd8 73. Kc5 Rd1 74. Kc4 Rc1+ 75. Kb3 Rd1 76. Kc2 Rd7 77. Kb2 Rd5 78. Kc3 Rd7 79. Kc4 Rd1 80. Bd4 Rc1+ 81. Kd5 Rd1 82. Kc5 Kd7 83. Rh7+ Be7+ 84. Kc4 Rc1+ 85. Kd3 Rd1+ 86. Ke4 Ke6 87. Rh6+ Kd7 88. Rb6 Kc7 89. Be5+ Bd6 90. Bd4 Re1+ 91. Kd5 Be7 92. Rb5 Kc8 93. Bb6 Bd8 94. Rc5+ Kd7 95. Bxd8 Kxd8 96. Rc3 Rd1+ 97. Kc5 Kc7 98. Kb5+ Kb8 99. Rb3 Rd5+ 100. Kb6 Rd6+ 101. Kc5 Rc6+ 102. Kd5 Ra6 103. Rb5 Ka7 104. Kc5 Rc6+ 105. Kb4 Ra6 106. Ka4 Rh6 107. Rb4 Ka6 108. Rd4 Rh5 109. Rd6+ Ka7 110. Re6 Rh4+ 111. Kb5 Rh5+ 112. Kb4 Rh4+ 113. Kb5 Rh5+ 114. Ka4 Rh4+ 115. Kb5 1/2-1/2

[Event "Titled Tuesday intern op 07th Feb Early"]
[Site "Chess.com INT"]
[Date "2023.02.07"]
[Round "10"]
[White "Jimenez, Joaquin Rodrigo"]
[Black "Portal Ramos, Cristian"]
[Result "1/2-1/2"]
[WhiteElo "2195"]
[BlackElo "2250"]
[PlyCount "110"]
[EventDate "2023.02.07"]
[EventType "swiss (blitz)"]
[EventRounds "11"]
[EventCountry "USA"]
[SourceTitle "EXT 2024"]
[Source "ChessBase"]
[SourceDate "2023.10.10"]
[SourceVersion "1"]
[SourceVersionDate "2023.10.10"]
[SourceQuality "1"]

1. c4 c6 2. e4 d5 3. exd5 cxd5 4. cxd5 Nf6 5. Nc3 Nxd5 6. Nf3 Nc6 7. Bb5 Ndb4 8. d4 e6 9. a3 Nd5 10. Ne5 Bd7 11. Qa4 Nxe5 12. dxe5 Nxc3 13. Bxd7+ Qxd7 14. Qxd7+ Kxd7 15. bxc3 Kc6 16. Be3 Bc5 17. Bd4 Rhd8 18. 0-0-0 Bxa3+ 19. Kc2 Bc5 20. Rd3 Bxd4 21. cxd4 Kd5 22. Rb1 Rac8+ 23. Kd2 b6 24. Rb5+ Kc6 25. Rb1 Kb7 26. f4 a6 27. g4 Rc4 28. Ke3 b5 29. f5 Kb6 30. h4 b4 31. h5 a5 32. g5 exf5 33. g6 hxg6 34. hxg6 fxg6 35. Rg1 f4+ 36. Ke4 a4 37. Rxg6+ Rc6 38. Rxg7 b3 39. d5 b2 40. dxc6 Rxd3 41. Rb7+ Kxc6 42. Rxb2 Rb3 43. Rc2+ Kd7 44. Kxf4 a3 45. Rd2+ Ke6 46. Rd6+ Ke7 47. Ra6 Rb4+ 48. Kf5 Rb3 49. Ra7+ Kf8 50. Kf6 Rf3+ 51. Ke6 Rb3 52. Ra8+ Kg7 53. Ra7+ Kf8 54. Kf6 Rf3+ 55. Ke6 Rb3 1/2-1/2

[Event "Titled Tuesday intern op 07th Feb Early"]
[Site "Chess.com INT"]
[Date "2023.02.07"]
[Round "4"]
[White "Keleberda, Timur"]
[Black "Portal Ramos, Cristian"]
[Result "1-0"]
[WhiteElo "2272"]
[BlackElo "2250"]
[PlyCount "69"]
[EventDate "2023.02.07"]
[EventType "swiss (blitz)"]
[EventRounds "11"]
[EventCountry "USA"]
[SourceTitle "EXT 2024"]
[Source "ChessBase"]
[SourceDate "2023.10.10"]
[SourceVersion "1"]
[SourceVersionDate "2023.10.10"]
[SourceQuality "1"]

1. e4 c6 2. d4 d5 3. e5 Bf5 4. h4 h5 5. Bd3 Qa5+ 6. Bd2 Qb6 7. Bxf5 e6 8. Bd3 Qxb2 9. Bc3 Bb4 10. Qd2 Bxc3 11. Qxc3 Qc1+ 12. Ke2 Qf4 13. g3 Qg4+ 14. Nf3 c5 15. Qxc5 Nc6 16. Nbd2 Nge7 17. c3 b6 18. Qa3 0-0 19. Nf1 f6 20. Ne3 Qxf3+ 21. Kxf3 fxe5+ 22. Ke2 exd4 23. cxd4 Nxd4+ 24. Kf1 Nec6 25. Kg2 Ne5 26. Rad1 Rf6 27. Qd6 Nec6 28. Nxd5 exd5 29. Qxd5+ Kh8 30. Qxh5+ Rh6 31. Qd5 Rf8 32. Be4 Rhf6 33. Rxd4 Rxf2+ 34. Kh3 Ne5 35. Qxe5 1-0

[Event "Titled Tuesday intern op 07th Feb Early"]
[Site "Chess.com INT"]
[Date "2023.02.07"]
[Round "9"]
[White "Portal Ramos, Cristian"]
[Black "Manukian, Artak"]
[Result "0-1"]
[WhiteElo "2250"]
[BlackElo "2196"]
[PlyCount "68"]
[EventDate "2023.02.07"]
[EventType "swiss (blitz)"]
[EventRounds "11"]
[EventCountry "USA"]
[SourceTitle "EXT 2024"]
[Source "ChessBase"]
[SourceDate "2023.10.10"]
[SourceVersion "1"]
[SourceVersionDate "2023.10.10"]
[SourceQuality "1"]

1. c4 e5 2. Nc3 Nc6 3. g3 h5 4. h3 f5 5. Bg2 h4 6. g4 fxg4 7. hxg4 d6 8. Qc2 Nge7 9. Be4 Be6 10. Nf3 Qd7 11. e3 0-0-0 12. a3 Bxg4 13. Rxh4 Rxh4 14. Nxh4 g5 15. Nf3 Bh6 16. b4 Rf8 17. Ng1 Bh5 18. Bb2 Qg4 19. Nge2 Qh4 20. 0-0-0 Qxf2 21. Bd3 Bf3 22. b5 Nd8 23. c5 dxc5 24. Qa4 Kb8 25. Kc2 Ne6 26. Nc1 Bxd1+ 27. Nxd1 Qh2 28. Nb3 Nd5 29. Be4 Nb6 30. Qa5 Rd8 31. Qc3 Bf8 32. Na5 Nd5 33. Qxe5 Qxe5 34. Bxe5 Bd6 0-1

[Event "Titled Tuesday intern op 07th Feb Early"]
[Site "Chess.com INT"]
[Date "2023.02.07"]
[Round "6"]
[White "Portal Ramos, Cristian"]
[Black "Tymrakiewicz, Rafal"]
[Result "0-1"]
[WhiteElo "2250"]
[BlackElo "2157"]
[PlyCount "92"]
[EventDate "2023.02.07"]
[EventType "swiss (blitz)"]
[EventRounds "11"]
[EventCountry "USA"]
[SourceTitle "EXT 2024"]
[Source "ChessBase"]
[SourceDate "2023.10.10"]
[SourceVersion "1"]
[SourceVersionDate "2023.10.10"]
[SourceQuality "1"]

1. c4 e5 2. Nc3 c6 3. Nf3 d6 4. g3 g6 5. Bg2 Bg7 6. 0-0 d5 7. cxd5 cxd5 8. Qb3 Ne7 9. Ng5 h6 10. Nh3 Nbc6 11. Nxd5 Nxd5 12. Bxd5 Bxh3 13. Bxf7+ Ke7 14. Re1 Nd4 15. Qxb7+ Qd7 16. Qxd7+ Bxd7 17. Bxg6 Rac8 18. b3 Nc2 19. Bxc2 Rxc2 20. Ba3+ Ke6 21. d3 Rhc8 22. e3 Bb5 23. d4 e4 24. Bc5 a6 25. a4 Be2 26. Rac1 Bd3 27. Rxc2 Bxc2 28. b4 Bxa4 29. Kg2 Bc6 30. h4 Bf8 31. f3 exf3+ 32. Kf2 Be4 33. Ra1 Bxc5 34. dxc5 Ra8 35. Rd1 Bd5 36. g4 Rb8 37. Rd4 Ke5 38. Rf4 a5 39. bxa5 Rb2+ 40. Kg3 Rg2+ 41. Kh3 Ra2 42. Rf5+ Ke4 43. Rf4+ Kxe3 44. Rf6 f2 45. c6 Bf3 46. Rxf3+ Kxf3 0-1

[Event "Carlos Torre Memorial op 32nd"]
[Site "Merida"]
[Date "2022.12.17"]
[Round "2"]
[White "Portal Ramos, Cristian"]
[Black "Leon Hoyos, Manuel"]
[Result "0-1"]
[WhiteElo "2274"]
[BlackElo "2488"]
[PlyCount "124"]
[EventDate "2022.12.16"]
[EventType "swiss"]
[EventRounds "9"]
[EventCountry "MEX"]
[SourceTitle "CBM 212 Extra"]
[Source "ChessBase"]
[SourceDate "2023.03.31"]
[SourceVersion "1"]
[SourceVersionDate "2023.03.31"]
[SourceQuality "1"]

1. c4 c5 2. Nc3 g6 3. g3 Bg7 4. Bg2 Nc6 5. e4 e6 6. Nge2 Nge7 7. d3 d6 8. 0-0 0-0 9. Rb1 b6 10. a3 Bb7 11. b4 Qd7 12. b5 Nd4 13. Nxd4 cxd4 14. Na2 a6 15. bxa6 Rxa6 16. Nb4 Ra5 17. Nc2 Qc7 18. Bd2 Ra7 19. Qc1 Rfa8 20. Bh6 Bh8 21. Bg5 Nc6 22. f4 Ra5 23. g4 Nb8 24. Bh4 Nd7 25. f5 Nc5 26. Qd2 exf5 27. gxf5 Be5 28. Rf2 Bc6 29. Rbf1 Rf8 30. fxg6 hxg6 31. Bf6 Bxf6 32. Rxf6 Ne6 33. Qf2 Qe7 34. Nxd4 Bd7 35. Nxe6 Bxe6 36. Qh4 Qc7 37. Qh6 Qc5+ 38. Kh1 Qg5 39. Qxg5 Rxg5 40. Rb1 Rb8 41. Rf2 Ra5 42. Rb3 Kf8 43. Rfb2 Ke7 44. Kg1 Rc8 45. Kf2 Rh8 46. Rxb6 Rxa3 47. R6b3 Rxb3 48. Rxb3 Rxh2 49. Kg3 Rh5 50. Bf3 Ra5 51. Rc3 Ra4 52. Be2 Ra2 53. Bf3 Rd2 54. Kf4 Kf6 55. Ke3 Rh2 56. Rc1 g5 57. Rg1 Rh3 58. Ke2 Ke5 59. Rxg5+ Kf4 60. Bg2 Kxg5 61. Bxh3 Bxh3 62. Ke3 Bf1 0-1

[Event "Capablanca Memorial U15 2nd"]
[Site "Havana"]
[Date "2018.05.18"]
[Round "6"]
[White "Cruz Mendez, Jean Marcos"]
[Black "Portal Ramos, Cristian"]
[Result "1-0"]
[WhiteElo "1907"]
[BlackElo "2056"]
[PlyCount "59"]
[EventDate "2018.05.14"]
[EventType "swiss"]
[EventRounds "7"]
[EventCountry "CUB"]
[SourceTitle "EXT 2021"]
[Source "ChessBase"]
[SourceDate "2020.10.23"]
[SourceVersion "1"]
[SourceVersionDate "2020.10.23"]
[SourceQuality "1"]

1. d4 Nf6 2. Nc3 d5 3. Bg5 Nbd7 4. Nf3 g6 5. Bxf6 Nxf6 6. e3 Bg7 7. Bd3 0-0 8. Ne5 c5 9. 0-0 b6 10. f4 Bb7 11. h4 e6 12. Qf3 cxd4 13. exd4 Ne4 14. Qh3 Nxc3 15. bxc3 Qc8 16. h5 Bxe5 17. fxe5 Kg7 18. Qh4 Qd8 19. Rf6 Bc6 20. Qg4 Be8 21. Raf1 Rg8 22. hxg6 hxg6 23. R1f3 Rh8 24. Qf4 Qe7 25. Bb5 Rf8 26. Rh3 Rh8 27. Rxh8 Kxh8 28. Bxe8 Qxe8 29. Rxf7 Kg8 30. Rf6 1-0

[Event "Maria Teresa Mora Memorial Premier"]
[Site "Havana"]
[Date "2018.??.??"]
[Round "4"]
[White "Hernandez Sotelo, Jose I"]
[Black "Portal Ramos, Cristian"]
[Result "1-0"]
[WhiteElo "2163"]
[BlackElo "2106"]
[PlyCount "51"]
[EventDate "2018.03.08"]
[EventType "tourn"]
[EventRounds "9"]
[EventCountry "CUB"]
[SourceTitle "EXT 2021"]
[Source "ChessBase"]
[SourceDate "2020.10.23"]
[SourceVersion "1"]
[SourceVersionDate "2020.10.23"]
[SourceQuality "1"]

1. e4 c5 2. Nf3 d6 3. d4 cxd4 4. Nxd4 Nf6 5. Nc3 a6 6. Be3 e5 7. Nb3 Be6 8. Qd2 Nbd7 9. f3 Be7 10. g4 b5 11. 0-0-0 0-0 12. Kb1 b4 13. Nd5 Bxd5 14. exd5 Qc7 15. g5 Nh5 16. Bh3 Nb6 17. Na5 g6 18. Bg4 Ng7 19. Qd3 Rfe8 20. Nc6 a5 21. h4 Nd7 22. h5 Nb8 23. hxg6 hxg6 24. Rd2 e4 25. Qd4 Nxc6 26. dxc6 1-0

[Event "Giraldilla de La Habana tt"]
[Site "Havana"]
[Date "2018.??.??"]
[Round "1.4"]
[White "Morales Garcia, Alexei"]
[Black "Portal Ramos, Cristian"]
[Result "1/2-1/2"]
[WhiteElo "2131"]
[BlackElo "2011"]
[PlyCount "96"]
[EventDate "2018.07.27"]
[EventType "team-tourn"]
[EventRounds "9"]
[EventCountry "CUB"]
[SourceTitle "EXT 2021"]
[Source "ChessBase"]
[SourceDate "2020.10.23"]
[SourceVersion "1"]
[SourceVersionDate "2020.10.23"]
[SourceQuality "1"]

1. d4 Nf6 2. Nf3 g6 3. Bf4 Bg7 4. Nbd2 d5 5. e3 0-0 6. h3 Nbd7 7. Be2 c5 8. 0-0 Qb6 9. Rb1 Ne4 10. c3 Ndf6 11. Ne5 Nxd2 12. Qxd2 Ne4 13. Qc2 Bf5 14. g4 Be6 15. f3 Nf6 16. Bg3 Rac8 17. Bf2 Ne8 18. dxc5 Qxc5 19. Nd3 Qa5 20. Nf4 Bd7 21. b4 Qd8 22. Nxd5 e6 23. Nf4 Rxc3 24. Qd2 Qc7 25. Rfc1 Ba4 26. e4 Bc2 27. Ra1 Bh6 28. e5 Qxe5 29. Bd4 Qxf4 30. Qxf4 Bxf4 31. Bxc3 Bxc1 32. Rxc1 Ba4 33. b5 Nd6 34. Be5 Rc8 35. Rb1 Nc4 36. Bf6 Nb6 37. Rb2 Rc2 38. Rxc2 Bxc2 39. Bd4 Kf8 40. Kf2 Ba4 41. Bc5+ Ke8 42. Ke3 Nd5+ 43. Kd4 b6 44. Bd6 Kd7 45. Bb8 Kc8 46. Bg3 Kd7 47. Bc4 Ne7 48. Ke5 Ng8 1/2-1/2